000 00743nam a2200193Ia 4500
008 151121s9999||||xx |||||||||||||| ||und||
082 _a070/लेले
082 _bHNW-55940
100 _aलेले रा। के।
245 _aमराठी वृत्तपत्रांचा इतिहास
260 _b"कॉन्टिनेंटल प्रकाशन, पुणे।"
260 _c--
300 _a1165
600 _aलेले रा। के।
630 _aमराठी वृत्तपत्रांचा इतिहास
700 _aलेले रा। के।
730 _aमराठी वृत्तपत्रांचा इतिहास
942 _cBOOK
999 _c1238644
_d1238641